Представление документа в формате MARC21

ПолеНазваниеЗначение
  Тип записи a
  Библиографический уровень m
001 Контрольный номер RU/URAIT/583348
005 Дата корректировки 20260429163641.8
008 Кодируемые данные 260429s2026 RU y f j 000 0 rus u
020 Индекс ISBN __
a ISBN 978-5-534-16197-7
c Цена, тираж 2899.00
040 Источник каталогиз. __
a Служба первич. каталог. ИКО Юрайт
c Служба, преобразующая запись ИКО Юрайт
e Правила каталог. RCR
041 Код языка издания __
a Код языка текста rus
044 Код страны публикации __
a Код страны публикации RU
080 Индекс УДК __
a Индекс УДК 004.7(075.8)
084 Индекс другой классификации/Индекс ББК __
2 Источник индекса rubbk
a Индекс другой классификации/Индекс ББК 32.973.202я73
100 Автор __
a Автор Кедрова Г. Е.
q Полное имя Кедрова Галина Евгеньевна
245 Заглавие __
a Заглавие Информатика для гуманитариев
b Продолж. заглавия учебник и практикум для вузов
c Ответственность Г. Е. Кедрова [и др.] ; под редакцией Г. Е. Кедровой.
250 Сведения об издании __
g пер. и доп
a Основные сведения об издании 3-е изд.
256 Характеристики компьютерного файла __
a Характеристики компьютерного файла Электрон. дан.
260 Выходные данные __
a Место издания Москва
b Издательство Юрайт
c Дата издания 2026
300 Физическое описание __
a Объем 662 с
440 Серия __
a Серия Высшее образование
500 Примечания __
a Примечание URL: https://urait.ru/bcode/583348 (дата обращения: 29.04.2026).
520 Аннотация __
a Аннотация В курсе подробно, системно и комплексно, представлено содержание всех основных разделов, использующихся в современном российском вузовском образовании типовых учебных программ по информационным технологиям. Подробно разбираются функционалы наиболее распространенных версий прикладных программ интегрированного пакета MS Office. Впервые в курс по информатике для гуманитарных специальностей включена теоретическая и практическая информация о средствах компьютерной обработки графических изображений; рассмотрены базовые технологии Web 2.0; добавлены новые сведения об актуальных направлениях использования ИКТ в науке и образовании ? в первую очередь о технологиях создания и проведения массовых открытых онлайновых курсах (MOOC) и основанном на использовании технологий искусственного интеллекта расширенном информационном поиске в Интернете; приведены правила безопасной работы в Интернете. Освоение материала курса позволит студенту получить представление об информатике как основе современного информационного общества, овладеть базовыми компетенциями в области информационно-коммуникационных технологий и научиться эффективно применять методы и приемы использования ИКТ в исследовательской и практической деятельности в сфере профессиональной устной и письменной коммуникации. Соответствует актуальным требованиям Федерального государственного образовательно-го стандарта высшего образования. Для студентов, изучающих дисциплину «Информатика» в области гуманитарных наук.
538 Прим. о системных особенностях __
a Прим. о системных особенностях Режим доступа: Электронно-библиотечная система Юрайт, для авториз. пользователей
653 Ключевые слова __
a Ключевые слова Фундаментальные и теоретические основы информатики
653 Ключевые слова __
a Ключевые слова Компьютерные и информационные науки
653 Ключевые слова __
a Ключевые слова Информатика
653 Ключевые слова __
a Ключевые слова Информатика и ЭВМ в психологии
653 Ключевые слова __
a Ключевые слова Новые информационные технологии
653 Ключевые слова __
a Ключевые слова Информатика и информационные технологии
653 Ключевые слова __
a Ключевые слова Информационные технологии
653 Ключевые слова __
a Ключевые слова Информатика и основы компьютерных технологий
653 Ключевые слова __
a Ключевые слова Компьютерные технологии в научных исследованиях и образовании
653 Ключевые слова __
a Ключевые слова Сетевые информационные технологии
653 Ключевые слова __
a Ключевые слова Современные компьютерные технологии
653 Ключевые слова __
a Ключевые слова Информационные технологии в гуманитарных науках и смежных областях
653 Ключевые слова __
a Ключевые слова Компьютерные технологии в искусстве
653 Ключевые слова __
a Ключевые слова Компьютерные технологии в исторической науке и образовании
653 Ключевые слова __
a Ключевые слова Компьютерные технологии в лингвистических исследованиях
653 Ключевые слова __
a Ключевые слова Компьютерные технологии филологии
653 Ключевые слова __
a Ключевые слова Компьютерная обработка изображений
653 Ключевые слова __
a Ключевые слова Информатика, в т.ч. современные информационные технологии
653 Ключевые слова __
a Ключевые слова Компьютерные технологии в науке и образовании
653 Ключевые слова __
a Ключевые слова Информатика и информационные технологии в профессиональной деятельности
653 Ключевые слова __
a Ключевые слова Информатика и информационные технологии в психологии
653 Ключевые слова __
a Ключевые слова Компьютерные технологии
653 Ключевые слова __
a Ключевые слова Основы информатики
653 Ключевые слова __
a Ключевые слова Основы информационной культуры и информатика
653 Ключевые слова __
a Ключевые слова Основы информационных технологий
653 Ключевые слова __
a Ключевые слова Информационные технологии в профессиональной деятельности
653 Ключевые слова __
a Ключевые слова История и методология компьютерных наук
653 Ключевые слова __
a Ключевые слова Современные информационные технологии
653 Ключевые слова __
a Ключевые слова Современные информационные технологии в социо-гуманитарных и биологических науках
653 Ключевые слова __
a Ключевые слова Компьютерные технологии и информатика
653 Ключевые слова __
a Ключевые слова Основы компьютерных технологий
653 Ключевые слова __
a Ключевые слова Использование компьютерных технологий в образовании
653 Ключевые слова __
a Ключевые слова Компьютерные технологии в филологии
653 Ключевые слова __
a Ключевые слова Компьютерные технологии в лингвистике
653 Ключевые слова __
a Ключевые слова Информационные компьютерные технологии и современные способы обработки данных
653 Ключевые слова __
a Ключевые слова Компьютерные технологии в науке и в образовании
653 Ключевые слова __
a Ключевые слова Информационные технологии в гуманитарных науках
653 Ключевые слова __
a Ключевые слова Информатика и современные информационные технологии
653 Ключевые слова __
a Ключевые слова Работа с информационными ресурсами
653 Ключевые слова __
a Ключевые слова Компьютерные технологии в научной деятельности
653 Ключевые слова __
a Ключевые слова Прикладная информатика
653 Ключевые слова __
a Ключевые слова Современные языки программирования и компьютерные технологии
653 Ключевые слова __
a Ключевые слова Введение в информатику
653 Ключевые слова __
a Ключевые слова Компьютерные технологии в обучении языку и литературе
653 Ключевые слова __
a Ключевые слова Современные информационные технологии с практикумом
653 Ключевые слова __
a Ключевые слова IT-технологии
653 Ключевые слова __
a Ключевые слова Компьютерные технологии в проектировании среды
653 Ключевые слова __
a Ключевые слова Компьютерные технологии и базы данных в общественных науках
653 Ключевые слова __
a Ключевые слова Информационный анализ и синтез
653 Ключевые слова __
a Ключевые слова Информационные технологии в социально-гуманитарной сфере
653 Ключевые слова __
a Ключевые слова Компьютерное сопровождение профессиональной деятельности
653 Ключевые слова __
a Ключевые слова Работа с графическим редактором
653 Ключевые слова __
a Ключевые слова Компьютерные технологии анализа и обработки результатов научного исследования
653 Ключевые слова __
a Ключевые слова Информатика и цифровые технологии
653 Ключевые слова __
a Ключевые слова Компьютерные технологии в обучении русскому языку и литературе
653 Ключевые слова __
a Ключевые слова Информатика, современные информационные технологии
653 Ключевые слова __
a Ключевые слова Графические редакторы
653 Ключевые слова __
a Ключевые слова IT-технологии в профессиональной деятельности
653 Ключевые слова __
a Ключевые слова Информатика и компьютерные технологии
653 Ключевые слова __
a Ключевые слова Информационные технологии в гуманитарных и социальных науках
653 Ключевые слова __
a Ключевые слова Компьютерные технологии и сети
653 Ключевые слова __
a Ключевые слова Информационные технологии в социальных и гуманитарных науках
653 Ключевые слова __
a Ключевые слова Компьютерные технологии в проектировании
653 Ключевые слова __
a Ключевые слова Компьютерные технологии в переводе
653 Ключевые слова __
a Ключевые слова Корректирующий курс по информатике
653 Ключевые слова __
a Ключевые слова Введение в информационные технологии
653 Ключевые слова __
a Ключевые слова Информационные технологии в гуманитарных исследованиях
653 Ключевые слова __
a Ключевые слова Графические редакторы в дизайне
653 Ключевые слова __
a Ключевые слова Компьютерные технологии в разработке художественно-промышленных объектов
653 Ключевые слова __
a Ключевые слова Компьютерные технологии в исторических исследованиях
653 Ключевые слова __
a Ключевые слова Информационные технологии в электронных средствах массовой информации
653 Ключевые слова __
a Ключевые слова Введение в прикладную информатику
653 Ключевые слова __
a Ключевые слова Компьютерные технологии в управлении
653 Ключевые слова __
a Ключевые слова Профессиональные компьютерные технологии
653 Ключевые слова __
a Ключевые слова Компьютерные технологии в науке и образования
653 Ключевые слова __
a Ключевые слова Информатика и ИКТ
653 Ключевые слова __
a Ключевые слова Компьютерные технологии в образовании и науке
653 Ключевые слова __
a Ключевые слова Цифровые технологии в гуманитарных науках
653 Ключевые слова __
a Ключевые слова Информатика и современные компьютерные технологии
653 Ключевые слова __
a Ключевые слова Информатика и ИТ
653 Ключевые слова __
a Ключевые слова Компьютерные технологии в графическом
653 Ключевые слова __
a Ключевые слова Информационная культура и информатика
653 Ключевые слова __
a Ключевые слова Компьютерные средства обработки растровых изображений
653 Ключевые слова __
a Ключевые слова Компьютерные технологии трехмерной графики
653 Ключевые слова __
a Ключевые слова Компьютерные технологии в обучении языку
653 Ключевые слова __
a Ключевые слова Информатика и основы информационных технологий
653 Ключевые слова __
a Ключевые слова Информационные технологии в современной гуманитаристике
653 Ключевые слова __
a Ключевые слова Прикладные гуманитарные исследования и экспертная деятельность
653 Ключевые слова __
a Ключевые слова Прикладные историко-гуманитарные исследования и экспертная деятельность
653 Ключевые слова __
a Ключевые слова Инструментальная поддержка профессиональной деятельности в среде MS Office
653 Ключевые слова __
a Ключевые слова Информационные технологии и моделирование в гуманитарных исследованиях
653 Ключевые слова __
a Ключевые слова Современные информационно-коммуникационные технологии в социальных науках
653 Ключевые слова __
a Ключевые слова Цифровые технологии в гуманитарной сфере
653 Ключевые слова __
a Ключевые слова Основы компьютерных технологий в социально-гуманитарных науках
653 Ключевые слова __
a Ключевые слова Научные сетевые ресурсы. Информационное обеспечение научных публикаций
653 Ключевые слова __
a Ключевые слова Гуманитарные аспекты цифровых технологий
653 Ключевые слова __
a Ключевые слова Компьютерные технологии обработки данных
653 Ключевые слова __
a Ключевые слова Компьютерные технологии в изучаемом восточном языке
653 Ключевые слова __
a Ключевые слова Информатика и информационные профессиональные технологии
653 Ключевые слова __
a Ключевые слова Информатика и информационные технологии в профессиональной деятельности (лабораторный практикум)
653 Ключевые слова __
a Ключевые слова Компьютерный инструментарий графических редакторов
653 Ключевые слова __
a Ключевые слова Информатика и компьютерная техника
653 Ключевые слова __
a Ключевые слова Компьютерные технологии в историко-культурном анализе
653 Ключевые слова __
a Ключевые слова Информатика и информационные технологии в лингвистике
653 Ключевые слова __
a Ключевые слова Оформление служебных документов с использованием компьютерной техники
653 Ключевые слова __
a Ключевые слова Информатика и основы информационной культуры
653 Ключевые слова __
a Ключевые слова Компьютерный набор и верстка
653 Ключевые слова __
a Ключевые слова IT в профессиональной деятельности
653 Ключевые слова __
a Ключевые слова Компьютерная презентация результатов исследований
653 Ключевые слова __
a Ключевые слова Компьютерные технологии проектирования графической продукции
653 Ключевые слова __
a Ключевые слова Компьютерные технологии в изучении культуры
653 Ключевые слова __
a Ключевые слова Компьютерные технологии в исторических исследованиях и образовании
653 Ключевые слова __
a Ключевые слова Компьютерные технологии в психологической науке
653 Ключевые слова __
a Ключевые слова Современные информационные технологии в гуманитарных и социальных науках
653 Ключевые слова __
a Ключевые слова Современные информационные технологии в гуманитарных науках
653 Ключевые слова __
a Ключевые слова Информационные технологии (информатика)
653 Ключевые слова __
a Ключевые слова Информатика и ИКТ в ПД
653 Ключевые слова __
a Ключевые слова Интерактивные компьютерные технологии
653 Ключевые слова __
a Ключевые слова Компьютерные технологии в издательских процессах
653 Ключевые слова __
a Ключевые слова Программное обеспечение трехмерной графики для компьютерных игр
653 Ключевые слова __
a Ключевые слова Введение в компьютерные технологии
653 Ключевые слова __
a Ключевые слова Введение в гуманитарную информатику
653 Ключевые слова __
a Ключевые слова Интерфейсы цифровых гуманитарных ресурсов
653 Ключевые слова __
a Ключевые слова Информационно и компьютерные технологии в исторической науке и образовании
653 Ключевые слова __
a Ключевые слова Информационные и компьютерные технологии в исторической науке и образовании
700 Другие авторы __
a Другие авторы Муромцева А. В.
q Полное имя Муромцева Анна Валерьевна
700 Другие авторы __
a Другие авторы Муромцев В. В.
q Полное имя Муромцев Валерий Валентинович
700 Другие авторы __
a Другие авторы Потемкин С. Б.
q Полное имя Потемкин Сергей Борисович
700 Другие авторы __
a Другие авторы Кушлянская Т. Е.
q Полное имя Кушлянская Татьяна Евгеньевна
700 Другие авторы __
a Другие авторы Волкова М. В.
q Полное имя Волкова Мария Владимировна
700 Другие авторы __
a Другие авторы Колыбасова В. В.
q Полное имя Колыбасова Валентина Викторовна
856 Электронный адрес документа 40
n Местонахождение сервера Юрайт
g Электронная книга
q Тип электронного формата html
h Имя пользователя ЮРАЙТ
v Часы доступа к ресурсу 20271231
2 Способ доступа Показать документ
x Служебное примечание https://urait.ru/book/cover/7FF229AE-7585-4FAA-AA57-E5BEE834AC71
u URL https://urait.ru/bcode/583348
856 Электронный адрес документа 48
q Тип электронного формата cover
u URL https://urait.ru/book/cover/7FF229AE-7585-4FAA-AA57-E5BEE834AC71
911 __
u 0030=https://urait.ru/bcode/583348
911 __
u 073a=9785534161977
u 073d=2899.00
911 __
u 106a=s
911 __
u 900l=
952 Тип литературы __
i Дисциплина Информатика
952 Тип литературы __
i Дисциплина Информатика и ЭВМ в психологии
952 Тип литературы __
i Дисциплина Новые информационные технологии
952 Тип литературы __
i Дисциплина Информатика и информационные технологии
952 Тип литературы __
i Дисциплина Информационные технологии
952 Тип литературы __
i Дисциплина Информатика и основы компьютерных технологий
952 Тип литературы __
i Дисциплина Компьютерные технологии в научных исследованиях и образовании
952 Тип литературы __
i Дисциплина Сетевые информационные технологии
952 Тип литературы __
i Дисциплина Современные компьютерные технологии
952 Тип литературы __
i Дисциплина Информационные технологии в гуманитарных науках и смежных областях
952 Тип литературы __
i Дисциплина Компьютерные технологии в искусстве
952 Тип литературы __
i Дисциплина Компьютерные технологии в исторической науке и образовании
952 Тип литературы __
i Дисциплина Компьютерные технологии в лингвистических исследованиях
952 Тип литературы __
i Дисциплина Компьютерные технологии филологии
952 Тип литературы __
i Дисциплина Компьютерная обработка изображений
952 Тип литературы __
i Дисциплина Информатика, в т.ч. современные информационные технологии
952 Тип литературы __
i Дисциплина Компьютерные технологии в науке и образовании
952 Тип литературы __
i Дисциплина Информатика и информационные технологии в профессиональной деятельности
952 Тип литературы __
i Дисциплина Информатика и информационные технологии в психологии
952 Тип литературы __
i Дисциплина Компьютерные технологии
952 Тип литературы __
i Дисциплина Основы информатики
952 Тип литературы __
i Дисциплина Основы информационной культуры и информатика
952 Тип литературы __
i Дисциплина Основы информационных технологий
952 Тип литературы __
i Дисциплина Информационные технологии в профессиональной деятельности
952 Тип литературы __
i Дисциплина История и методология компьютерных наук
952 Тип литературы __
i Дисциплина Современные информационные технологии
952 Тип литературы __
i Дисциплина Современные информационные технологии в социо-гуманитарных и биологических науках
952 Тип литературы __
i Дисциплина Компьютерные технологии и информатика
952 Тип литературы __
i Дисциплина Основы компьютерных технологий
952 Тип литературы __
i Дисциплина Использование компьютерных технологий в образовании
952 Тип литературы __
i Дисциплина Компьютерные технологии в филологии
952 Тип литературы __
i Дисциплина Компьютерные технологии в лингвистике
952 Тип литературы __
i Дисциплина Информационные компьютерные технологии и современные способы обработки данных
952 Тип литературы __
i Дисциплина Компьютерные технологии в науке и в образовании
952 Тип литературы __
i Дисциплина Информационные технологии в гуманитарных науках
952 Тип литературы __
i Дисциплина Информатика и современные информационные технологии
952 Тип литературы __
i Дисциплина Работа с информационными ресурсами
952 Тип литературы __
i Дисциплина Компьютерные технологии в научной деятельности
952 Тип литературы __
i Дисциплина Прикладная информатика
952 Тип литературы __
i Дисциплина Современные языки программирования и компьютерные технологии
952 Тип литературы __
i Дисциплина Введение в информатику
952 Тип литературы __
i Дисциплина Компьютерные технологии в обучении языку и литературе
952 Тип литературы __
i Дисциплина Современные информационные технологии с практикумом
952 Тип литературы __
i Дисциплина IT-технологии
952 Тип литературы __
i Дисциплина Компьютерные технологии в проектировании среды
952 Тип литературы __
i Дисциплина Компьютерные технологии и базы данных в общественных науках
952 Тип литературы __
i Дисциплина Информационный анализ и синтез
952 Тип литературы __
i Дисциплина Информационные технологии в социально-гуманитарной сфере
952 Тип литературы __
i Дисциплина Компьютерное сопровождение профессиональной деятельности
952 Тип литературы __
i Дисциплина Работа с графическим редактором
952 Тип литературы __
i Дисциплина Компьютерные технологии анализа и обработки результатов научного исследования
952 Тип литературы __
i Дисциплина Информатика и цифровые технологии
952 Тип литературы __
i Дисциплина Компьютерные технологии в обучении русскому языку и литературе
952 Тип литературы __
i Дисциплина Информатика, современные информационные технологии
952 Тип литературы __
i Дисциплина Графические редакторы
952 Тип литературы __
i Дисциплина IT-технологии в профессиональной деятельности
952 Тип литературы __
i Дисциплина Информатика и компьютерные технологии
952 Тип литературы __
i Дисциплина Информационные технологии в гуманитарных и социальных науках
952 Тип литературы __
i Дисциплина Компьютерные технологии и сети
952 Тип литературы __
i Дисциплина Информационные технологии в социальных и гуманитарных науках
952 Тип литературы __
i Дисциплина Компьютерные технологии в проектировании
952 Тип литературы __
i Дисциплина Компьютерные технологии в переводе
952 Тип литературы __
i Дисциплина Корректирующий курс по информатике
952 Тип литературы __
i Дисциплина Введение в информационные технологии
952 Тип литературы __
i Дисциплина Информационные технологии в гуманитарных исследованиях
952 Тип литературы __
i Дисциплина Графические редакторы в дизайне
952 Тип литературы __
i Дисциплина Компьютерные технологии в разработке художественно-промышленных объектов
952 Тип литературы __
i Дисциплина Компьютерные технологии в исторических исследованиях
952 Тип литературы __
i Дисциплина Информационные технологии в электронных средствах массовой информации
952 Тип литературы __
i Дисциплина Введение в прикладную информатику
952 Тип литературы __
i Дисциплина Компьютерные технологии в управлении
952 Тип литературы __
i Дисциплина Профессиональные компьютерные технологии
952 Тип литературы __
i Дисциплина Компьютерные технологии в науке и образования
952 Тип литературы __
i Дисциплина Информатика и ИКТ
952 Тип литературы __
i Дисциплина Компьютерные технологии в образовании и науке
952 Тип литературы __
i Дисциплина Цифровые технологии в гуманитарных науках
952 Тип литературы __
i Дисциплина Информатика и современные компьютерные технологии
952 Тип литературы __
i Дисциплина Информатика и ИТ
952 Тип литературы __
i Дисциплина Компьютерные технологии в графическом
952 Тип литературы __
i Дисциплина Информационная культура и информатика
952 Тип литературы __
i Дисциплина Компьютерные средства обработки растровых изображений
952 Тип литературы __
i Дисциплина Компьютерные технологии трехмерной графики
952 Тип литературы __
i Дисциплина Компьютерные технологии в обучении языку
952 Тип литературы __
i Дисциплина Информатика и основы информационных технологий
952 Тип литературы __
i Дисциплина Информационные технологии в современной гуманитаристике
952 Тип литературы __
i Дисциплина Прикладные гуманитарные исследования и экспертная деятельность
952 Тип литературы __
i Дисциплина Прикладные историко-гуманитарные исследования и экспертная деятельность
952 Тип литературы __
i Дисциплина Инструментальная поддержка профессиональной деятельности в среде MS Office
952 Тип литературы __
i Дисциплина Информационные технологии и моделирование в гуманитарных исследованиях
952 Тип литературы __
i Дисциплина Современные информационно-коммуникационные технологии в социальных науках
952 Тип литературы __
i Дисциплина Цифровые технологии в гуманитарной сфере
952 Тип литературы __
i Дисциплина Основы компьютерных технологий в социально-гуманитарных науках
952 Тип литературы __
i Дисциплина Научные сетевые ресурсы. Информационное обеспечение научных публикаций
952 Тип литературы __
i Дисциплина Гуманитарные аспекты цифровых технологий
952 Тип литературы __
i Дисциплина Компьютерные технологии обработки данных
952 Тип литературы __
i Дисциплина Компьютерные технологии в изучаемом восточном языке
952 Тип литературы __
i Дисциплина Информатика и информационные профессиональные технологии
952 Тип литературы __
i Дисциплина Информатика и информационные технологии в профессиональной деятельности (лабораторный практикум)
952 Тип литературы __
i Дисциплина Компьютерный инструментарий графических редакторов
952 Тип литературы __
i Дисциплина Информатика и компьютерная техника
952 Тип литературы __
i Дисциплина Компьютерные технологии в историко-культурном анализе
952 Тип литературы __
i Дисциплина Информатика и информационные технологии в лингвистике
952 Тип литературы __
i Дисциплина Оформление служебных документов с использованием компьютерной техники
952 Тип литературы __
i Дисциплина Информатика и основы информационной культуры
952 Тип литературы __
i Дисциплина Компьютерный набор и верстка
952 Тип литературы __
i Дисциплина IT в профессиональной деятельности
952 Тип литературы __
i Дисциплина Компьютерная презентация результатов исследований
952 Тип литературы __
i Дисциплина Компьютерные технологии проектирования графической продукции
952 Тип литературы __
i Дисциплина Компьютерные технологии в изучении культуры
952 Тип литературы __
i Дисциплина Компьютерные технологии в исторических исследованиях и образовании
952 Тип литературы __
i Дисциплина Компьютерные технологии в психологической науке
952 Тип литературы __
i Дисциплина Современные информационные технологии в гуманитарных и социальных науках
952 Тип литературы __
i Дисциплина Современные информационные технологии в гуманитарных науках
952 Тип литературы __
i Дисциплина Информационные технологии (информатика)
952 Тип литературы __
i Дисциплина Информатика и ИКТ в ПД
952 Тип литературы __
i Дисциплина Интерактивные компьютерные технологии
952 Тип литературы __
i Дисциплина Компьютерные технологии в издательских процессах
952 Тип литературы __
i Дисциплина Программное обеспечение трехмерной графики для компьютерных игр
952 Тип литературы __
i Дисциплина Введение в компьютерные технологии
952 Тип литературы __
i Дисциплина Введение в гуманитарную информатику
952 Тип литературы __
i Дисциплина Интерфейсы цифровых гуманитарных ресурсов
952 Тип литературы __
i Дисциплина Информационно и компьютерные технологии в исторической науке и образовании
952 Тип литературы __
i Дисциплина Информационные и компьютерные технологии в исторической науке и образовании